000 00620nam a22002417a 4500
003 mut
005 20240606081329.0
008 180123b xxu||||| |||| 00| 0 eng d
020 _a0075604787 (v. ii)
040 _cmut
050 _aHF5635
_b.P97 1999
100 _aLarson, Kermit D.
245 _aFundamental accounting principles
250 _a9th Canadian ed.
260 _aToronto
_bMcGraw-Hill Ryerson
_cc1999
650 _aAccounting
700 _aWild, John J.
700 _aChiappetta, Barbara
700 _aNelson, Morton
700 _aCarroll, Ray F.
700 _aZin, Michael
942 _2lcc
_cBK
999 _c15191
_d15191